00635nam a2200205Ia 4500008004100000020001800041041000800059082001600067100002600083245001600109250001100125260003600136300000900172500004100181500001600222650001800238700002600256999001700282952013000299230125s9999 xx 000 0 und d a0-534-02800-4 aeng a658.45bVER aVerderber R F9114253 aCommunicate a4th ed c1984bWadsworth pubaCalifornia a396p aBusiness Communication;Communication aCommunicate aCommunication aVerderber R F9114253 c91579d91579 00104070aHIMRbHIMRd2001-10-28eSatya Gilanio658.45 VER DB0554pHIMR-DB-554r2023-01-25 00:00:00w2001-10-22yDBzDB0554